MARC details
| 000 -LEADER |
| fixed length control field |
03109nas a2200397 a 4500 |
| 003 - CONTROL NUMBER IDENTIFIER |
| control field |
AM-YeHGA |
| 005 - DATE AND TIME OF LATEST TRANSACTION |
| control field |
20250618080209.0 |
| 008 - FIXED-LENGTH DATA ELEMENTS--GENERAL INFORMATION |
| fixed length control field |
071112c20062017ai |||||ry|||||| ||arm|| |
| 020 ## - INTERNATIONAL STANDARD BOOK NUMBER |
| International Standard Book Number |
5808408040 (Ա) |
| 020 ## - INTERNATIONAL STANDARD BOOK NUMBER |
| International Standard Book Number |
9785808410565 (Գ) |
| 020 ## - INTERNATIONAL STANDARD BOOK NUMBER |
| International Standard Book Number |
9785808412118 (Դ) |
| 022 ## - INTERNATIONAL STANDARD SERIAL NUMBER |
| International Standard Serial Number |
1829-2623 |
| 040 ## - CATALOGING SOURCE |
| Original cataloging agency |
AM-YeHGA |
| 041 0# - LANGUAGE CODE |
| Language code of text/sound track or separate title |
arm |
| 001 - CONTROL NUMBER |
| control field |
1320249 |
| 090 ## - LOCALLY ASSIGNED LC-TYPE CALL NUMBER (OCLC); LOCAL CALL NUMBER (RLIN) |
| -- |
573126 |
| 245 00 - TITLE STATEMENT |
| Title |
Տարեգիրք : |
| Remainder of title |
Գիտական հոդվածների ժողովածու = Ежегодник : Сборник научных статей = Yearbook : Faculty of theology / |
| Statement of responsibility, etc. |
Խմբ.՝ Ա. Ժամկոչյան, Վ. Բարխուդարյան և այլք ; Խմբ.՝ Անուշավան եպս. Ժամկոչյան, Վ. Բ. Բարխուդարյան ; Երևանի պետական համալսարան, Աստվածաբանության ֆակուլտետ. |
| 246 3# - VARYING FORM OF TITLE |
| Title proper/short title |
Աստվածաբանության ֆակուլտետի տարեգիրք |
| 260 ## - PUBLICATION, DISTRIBUTION, ETC. |
| Place of publication, distribution, etc. |
Երևան : |
| Name of publisher, distributor, etc. |
Երևանի համալս. հրատ., |
| Date of publication, distribution, etc. |
2006- |
| -- |
2017. |
| 300 ## - PHYSICAL DESCRIPTION |
| Extent |
Գիրք ; |
| Dimensions |
24 սմ. |
| 500 ## - GENERAL NOTE |
| General note |
Նվիրվում է ԵՊՀ Աստվածաբանության ֆակուլտետի 10-ամյակին։ |
| 500 ## - GENERAL NOTE |
| General note |
Գրքի թվային տարբերակը ներբեռնվել է ԵՊՀ Հայագիտական հետազոտությունների ինստիտուտի կայքից` http://www.armin.am/am/Library-Books: |
| 504 ## - BIBLIOGRAPHY, ETC. NOTE |
| Bibliography, etc. note |
Տողատակում՝ մատենագիտական ծանոթագրություններ ։ Որոշ հոդվածներից հետո՝ գրականության ցանկ ։ |
| 505 00 - FORMATTED CONTENTS NOTE |
| Miscellaneous information |
Գիրք Ա (2006; 398 էջ, աղյս., քարտեզ.) ; |
| -- |
Գիրք Բ (2007; 234 էջ, նկ.) ; |
| -- |
Գիրք Գ (2008; 414 էջ, աղյս.) ; |
| -- |
Գիրք Դ (2009; 310 էջ, աղյս.) ; |
| -- |
Գիրք Ե (2010; 336 էջ, աղյս., նկ.) ; |
| -- |
Գիրք Զ (2011, 402 էջ, աղյս.) ; |
| -- |
Գիրք Է (2012; 299 էջ) ; |
| -- |
Գիրք Ը (2013; 247 էջ.) |
| -- |
Գիրք Թ (2014; 345 էջ, աղյս.) ; |
| -- |
Գիրք Ժ (2015; 358 էջ, նկ.) ; |
| -- |
Գիրք ԺԱ (2016; 384 էջ, աղյս.) ; |
| -- |
Գիրք ԺԲ (2017; 423 էջ, աղյս.) ; |
| 650 14 - SUBJECT ADDED ENTRY--TOPICAL TERM |
| Topical term or geographic name entry element |
Աստվածաբանություն |
| Form subdivision |
Տարեգիրք |
| 650 24 - SUBJECT ADDED ENTRY--TOPICAL TERM |
| Topical term or geographic name entry element |
Շարունակվող հրատարակություններ |
| 9 (RLIN) |
580 |
| 700 1# - ADDED ENTRY--PERSONAL NAME |
| Personal name |
Ժամկոչյան, Անուշավան |
| Titles and other words associated with a name |
Եպիսկոպոս, |
| Dates associated with a name |
1971- |
| Relator term |
խմբ. |
| Relationship |
edt |
| 9 (RLIN) |
3864 |
| 700 1# - ADDED ENTRY--PERSONAL NAME |
| Personal name |
Բարխուդարյան, Վլադիմիր Բախշիի, |
| Dates associated with a name |
1927- |
| Relator term |
խմբ. |
| Relationship |
edt |
| 710 2# - ADDED ENTRY--CORPORATE NAME |
| Corporate name or jurisdiction name as entry element |
Երևանի պետական համալսարան ։ |
| Subordinate unit |
Աստվածաբանության ֆակուլտետ |
| 856 41 - ELECTRONIC LOCATION AND ACCESS |
| Uniform Resource Identifier |
<a href="http://haygirk.nla.am/upload/1941-/taregirqhta_2006.pdf">http://haygirk.nla.am/upload/1941-/taregirqhta_2006.pdf</a> |
| Link text |
Կարդալ առցանց (Ա) |
| 856 41 - ELECTRONIC LOCATION AND ACCESS |
| Uniform Resource Identifier |
<a href="http://haygirk.nla.am/upload/1941-/taregirq2007.pdf">http://haygirk.nla.am/upload/1941-/taregirq2007.pdf</a> |
| Link text |
Կարդալ առցանց (Բ) |
| 856 41 - ELECTRONIC LOCATION AND ACCESS |
| Uniform Resource Identifier |
<a href="http://haygirk.nla.am/upload/1941-/taregirqhtg_2008.pdf">http://haygirk.nla.am/upload/1941-/taregirqhtg_2008.pdf</a> |
| Link text |
Կարդալ առցանց (Գ) |
| 856 41 - ELECTRONIC LOCATION AND ACCESS |
| Uniform Resource Identifier |
<a href="http://haygirk.nla.am/upload/1941-/taregirqhtd_2009.pdf">http://haygirk.nla.am/upload/1941-/taregirqhtd_2009.pdf</a> |
| Link text |
Կարդալ առցանց (Դ) |
| 856 41 - ELECTRONIC LOCATION AND ACCESS |
| Uniform Resource Identifier |
<a href="http://haygirk.nla.am/upload/1941-/taregirqhtz_ 2011.pdf">http://haygirk.nla.am/upload/1941-/taregirqhtz_ 2011.pdf</a> |
| Link text |
Կարդալ առցանց (Զ) |
| 942 ## - ADDED ENTRY ELEMENTS (KOHA) |
| Source of classification or shelving scheme |
Universal Decimal Classification |
| Koha item type |
Շարունակական պաշար / Continuing Resource |